Extremely Hard General Knowledge #79 - Statistics

General Stats
  • This quiz has been taken 164 times
  • The average score is 3 of 20
Answer Stats
Hint Answer % Correct
In the Catholic Church at what age are cardinals no longer allowed to participate in a papal conclave? 80
57%
In Egyptian mythology, which god of mummification is often depicted with the head of a jackal/wolf? Anubis
52%
What is the most populous state in India, and the most populous country subdivision in the world? Uttar Pradesh
42%
Which French fashion designer is most popularly known for the red leather soles on his high-heeled shoes? Christian Louboutin
36%
The children's television channels CBBC and CBeebies were both launched in the February of which year? 2002
27%
Who was the Quarterback for the Philadelphia Eagles when they won the Super Bowl in 2024, and when they lost in 2022? Jalen Hurts
24%
Which mountain range in New York is home to Mount Marcy, the highest point in New York, and Lake Placid, the host of the 1932 and 1980 Winter Olympics? {Adirondack} Mountains
20%
Which bone in the body, also known as the lingual bone or the tongue-bone, is a horseshoe-shaped bone in the neck? {Hyoid} bone
19%
What does the computing acronym HDMI stand for? High-Definition Multimedia Interface
13%
Which stitch type is sometimes called a cable stitch and is frequently used to reinforce the edge of thick materials? {Blanket} stitch
10%
Having only been achieved by 74 people as of 2025, what is the highest rank of sumo wrestling? Yokozuna
10%
Who acceded to the throne as King of Denmark after his mother's abdication in January 2024? Frederik X
9%
Which boarding school in Elgin, Scotland was attended by King Charles III and his father Prince Phillip? {Gordonstoun} School
9%
The song "Mississippi" was a UK Number One in 1976 for which Dutch country pop band? Pussycat
8%
Who has starred as John Kramer / Jigsaw in the Saw franchise since it began in 2004? Tobin Bell
4%
Which Italian mathematician was the first woman to write a mathematics handbook, and the first woman appointed as a mathematics professor at a university? Maria Agnesi
3%
Which German composer was nominated for Best Original Score Oscar for Lion (2016) and Conclave (2024) as well as winning the award for All Quiet on the Western Front (2022)? Hauschka
2%
"Gather ye Rose-buds while ye may" is the first line of the poem "To the Virgins, to Make Much of Time", written by which cavalier poet? Robert Herrick
2%
Which Bulgarian cheese, with a consistency similar to the Greek feta, is key ingredient in the traditional pastry Banitsa? Sirene
2%
Which architect is most well-known for designing Marina Bay Sands in Singapore? Moshe Safdie
0%
No matching quizzes found
Score Distribution
Percent of People with Each Score
Percentile by Number Answered
Your Score History
You have not taken this quiz